| 000 | 01012cam a2200289 a 4500 | ||
|---|---|---|---|
| 999 |
_c1268 _d1268 |
||
| 001 | 708004 | ||
| 003 | GZU | ||
| 005 | 20201001113712.0 | ||
| 008 | 970417s1998 enkab b 001 0 eng | ||
| 010 | _a 97013828 | ||
| 020 | _a0631191380 (pbk.) | ||
| 040 |
_aDLC _cDLC _dDLC |
||
| 050 | 0 | 0 |
_aD843 _b.S546 1998 |
| 082 | 0 | 0 |
_a909.82 _221 |
| 100 | 1 |
_aSmith, Joseph, _d1945- |
|
| 245 | 1 | 4 |
_aThe Cold War / _cJoseph Smith. |
| 246 | 3 | 0 | _aCold War, 1945-1991 |
| 250 | _a2nd ed., 1945-1991. | ||
| 260 |
_aOxford, UK ; _aMalden, Mass. : _bBlackwell, _c1998. |
||
| 300 |
_axvi, 172 p. : _bill. maps; _c22 cm. |
||
| 440 | 0 | _aHistorical Association studies | |
| 504 | _aIncludes bibliographical references (p. [153]-163) and index. | ||
| 650 | 0 |
_aWorld politics _y1945-1989. |
|
| 906 |
_a7 _bcbc _corignew _d1 _eocip _f19 _gy-gencatlg |
||
| 942 |
_2lcc _cBK _e2nd ed. _h843 _iSMI _kD _m1997 |
||